Prophets of doom or profits in the boom : effects of e-commerce on UK property. (Record no. 100374)

MARC details
000 -LEADER
fixed length control field 00619cam a2200205 4500
001 - CONTROL NUMBER
control field J105371
008 - FIXED-LENGTH DATA ELEMENTS--GENERAL INFORMATION
fixed length control field 000000n2000 000 0 eng u
035 ## - SYSTEM CONTROL NUMBER
System control number (Sirsi) u105371
050 ## - LIBRARY OF CONGRESS CALL NUMBER
Classification number 381.45000285
110 ## - MAIN ENTRY--CORPORATE NAME
Corporate name or jurisdiction name as entry element Chesterton International plc
9 (RLIN) 1588
245 ## - TITLE STATEMENT
Title Prophets of doom or profits in the boom : effects of e-commerce on UK property.
260 ## - PUBLICATION, DISTRIBUTION, ETC.
Place of publication, distribution, etc. London
Name of publisher, distributor, etc. Chesterton
Date of publication, distribution, etc. 2000
300 ## - PHYSICAL DESCRIPTION
Extent 12p. ; 21cm.
650 ## - SUBJECT ADDED ENTRY--TOPICAL TERM
Topical term or geographic name entry element PROPERTY-COMMERCIAL PROPERTY
650 ## - SUBJECT ADDED ENTRY--TOPICAL TERM
Topical term or geographic name entry element INTERNET
650 ## - SUBJECT ADDED ENTRY--TOPICAL TERM
Topical term or geographic name entry element RESIDENTIAL PROPERTY
9 (RLIN) 6266
650 ## - SUBJECT ADDED ENTRY--TOPICAL TERM
Topical term or geographic name entry element RETAIL PROPERTY
690 ## - LOCAL SUBJECT ADDED ENTRY--TOPICAL TERM (OCLC, RLIN)
Topical term or geographic name as entry element INFORMATION TECHNOLOGY-INTERNET
942 ## - ADDED ENTRY ELEMENTS (KOHA)
Suppress in OPAC 0
Holdings
Withdrawn status Lost status Source of classification or shelving scheme Damaged status Not for loan Home library Current library Shelving location Date acquired Total Checkouts Full call number Barcode Date last seen Date last checked out Copy number Price effective from Koha item type
    Dewey Decimal Classification     London London Property market reports 13/04/2000 3 PROPERTY MARKET REPORTS 30060871 06/08/2019 08/01/2001 1 06/08/2019 Book